| 000 | 00536nam a2200217 a 4500 | ||
|---|---|---|---|
| 999 |
_c6934 _d6934 |
||
| 001 | 6934 | ||
| 003 | BD-JhCC | ||
| 005 | 20180201122527.0 | ||
| 008 | 171025s1957 uk |||| ||a| 000 0 eng d | ||
| 035 | _a(BD-JhCC)6934 | ||
| 040 |
_aBD-JhCC _dBD-JhCC |
||
| 041 | _aeng | ||
| 082 |
_bWAR 1957 _a821.08 |
||
| 100 | _aWarner, Alan | ||
| 245 |
_aEnglish Poems and Ballads / _cAlan Warner |
||
| 260 |
_aLondon : _bOxford University Press, , _c1957. |
||
| 300 |
_a171 p .: _c19 cm . |
||
| 650 | _aPoem | ||
| 942 |
_2ddc _cBK |
||